000
00322nam a2200133Ia 4500
005
20260326235449.0
008
260326s9999||||xx |||||||||||||| ||und||
100
_a
Pascual, Carlos
245
0
_a
Toda AndalucĂa /
_c
Carlos Pascual
260
_b
Bonechi
300
_a
125 p.
650
_a
ARQUITECTURA REGIONAL
942
_c
BK
999
_c
7691
_d
7691